|
|
|
|
| LEADER |
00000nam1a2200000 4500 |
| 001 |
221915 |
| 005 |
20231031195835.0 |
| 020 |
|
|
|a RU
|b 89-63829
|
| 035 |
|
|
|a (RuTPU)RU\TPU\book\242097
|
| 090 |
|
|
|a 221915
|
| 100 |
|
|
|a 20120917d1989 k a0rusy5003 ca
|
| 101 |
0 |
|
|a rus
|
| 102 |
|
|
|a RU
|
| 200 |
1 |
|
|a Первый съезд народных депутатов СССР, 25 мая - 9 июня 1989 г.
|e стенографический отчет
|e [в 6 т.]
|f Съезд народных депутатов СССР
|
| 210 |
|
|
|a Москва
|c Издание Верховного Совета СССР
|d 1989
|
| 712 |
0 |
2 |
|a Съезд народных депутатов СССР
|d 1
|e Москва
|f 1989
|
| 801 |
|
0 |
|a RU
|b RuMRKP
|c 19950417
|g psbo
|
| 801 |
|
1 |
|a RU
|b 63413507
|c 20120917
|
| 801 |
|
2 |
|a RU
|b 63413507
|c 20121001
|g RCR
|
| 942 |
|
|
|c BK
|